Statistics for Match the Football Club

Click here to take the quiz!

General Stats

  • This quiz has been taken 36 times
  • The average score is 8 of 13

Answer Stats

HintAnswer% Correct
A.C MilanA.C Monza
88%
RangersHearts
88%
Bayern MunichMainz
81%
AjaxVitesse
72%
Sydney F.CWestern United F.C
72%
S.C BragaSporting Lisbon
69%
Wrexham F.CTorquay United
66%
LinfieldCrusaders
56%
F.C MidtjyllandViborg
56%
Bodo/GlimtMolde
53%
GenkWesterlo
53%
F.C MinajRukh Lviv
41%
Arsenal F.CRiver Plate
25%

Score Distribution

Percentile by Number Answered

Percent of People with Each Score

Your Score History

You have not taken this quiz